| 000 | 01464nam0a2200325 i 4500 | ||
|---|---|---|---|
| 001 | RU\NLR\BIBL_A\011372503 | ||
| 005 | 20241105171253.0 | ||
| 010 |
_a9785982281128 _9500 |
||
| 021 |
_aRU _b2017-20816 _91540 |
||
| 035 | _a(RuMoRGB)008833499 | ||
| 035 | _a(NLR Aleph) 011372503 | ||
| 090 |
_a11359478 _c11359478 |
||
| 100 | _a20170421d2016 k y0rusy50 ca | ||
| 101 | 0 | _arus | |
| 102 | _aRU | ||
| 105 | _ay|||z|||000zy | ||
| 200 | 1 |
_a"Русский мир" в изгнании: П.П. Сувчинский _e[монография] _fЮ.И. Колобова _gВятский государственный университет |
|
| 210 |
_aКиров _cНаучное издательство Вятского государственного университета _d2016 |
||
| 215 |
_a123 с. _d21 |
||
| 320 | _aБиблиогр.: с. 104-123 (297 назв.) и в подстроч. примеч. | ||
| 600 | 1 |
_aСувчинский _bП.П. _f1892 - 1985 _gПетр Петрович _92124177 _3RU\NLR\AUTH\661282337 |
|
| 686 |
_aЩ31г(2)5д.Сувчинский П.П.-4,0 _2rubbk |
||
| 686 |
_aШ4г(2)1д.Сувчинский П.П.-4,0 _2rubbk |
||
| 686 | 1 | _aЩ31г(2)1д Сувчинский | |
| 700 | 1 |
_aКолобова _bЮ. И. _gЮлия Игоревна |
|
| 702 | 1 |
_aСувчинский _bП. П. _f1892-1985 _gПетр Петрович _4570 |
|
| 942 | _cBOOK | ||
| 980 | _aNBR | ||